[Event "Commonwealth & South African Open 2011"]
[Site "Emperors Casino and Conference"]
[Date "2011.06.24"]
[Round "1.11"]
[White "Sachdev, Tania"]
[Black "Marais, Franco"]
[Result "1-0"]
[WhiteElo "2416"]
[BlackElo "1612"]
[PlyCount "61"]
[EventDate "2011.06.24"]

1. d4 d5 2. c4 c6 3. Nf3 Nf6 4. Nc3 dxc4 5. a4 Bf5 6. e3 Nbd7 7. Bxc4 Nb6 8.
Be2 Qc7 9. O-O e6 10. Qb3 Bd6 11. h3 O-O 12. Nh4 Bg6 13. Nxg6 hxg6 14. e4 Be7
15. Be3 Rad8 16. Rac1 Qb8 17. Rfd1 Rd7 18. a5 Nc8 19. Bf3 Rfd8 20. Ne2 e5 21.
Rxc6 Nd6 22. Rc5 exd4 23. Bf4 Qa8 24. e5 Nf5 25. Rcc1 Nd5 26. Bh2 Nb4 27. e6
fxe6 28. Qxe6+ Kh8 29. Qxg6 Nh6 30. Be5 Bf6 31. Qxh6+ 1-0

[Event "Commonwealth & South African Open 2011"]
[Site "Emperors Casino and Conference"]
[Date "2011.06.24"]
[Round "1.13"]
[White "Ringoir, Tanguy"]
[Black "Vermeulen, Ernestus J"]
[Result "1/2-1/2"]
[WhiteElo "2399"]
[BlackElo "1607"]
[PlyCount "112"]
[EventDate "2011.06.24"]

1. e4 d5 2. exd5 Qxd5 3. Nf3 Nf6 4. Be2 Bf5 5. O-O e6 6. d4 c6 7. c4 Qd8 8. Nc3
Be7 9. Qb3 Qc7 10. Bf4 Qb6 11. Qxb6 axb6 12. a3 Nbd7 13. Rfe1 O-O 14. h3 h6 15.
Rad1 Ne4 16. Nb1 Bd6 17. Bxd6 Nxd6 18. d5 exd5 19. cxd5 c5 20. Nc3 Rfe8 21. Bb5
Rad8 22. Rxe8+ Rxe8 23. g4 Nxb5 24. Nxb5 Bc2 25. Rd2 Ba4 26. Nd6 Rb8 27. Nh4 g6
28. f4 Nf6 29. Nc4 Nxd5 30. Rxd5 Bb3 31. Nxb6 Bxd5 32. Nxd5 Rd8 33. Nf6+ Kg7
34. Ne4 Rd1+ 35. Kf2 Rb1 36. Nxc5 Rxb2+ 37. Ke3 b6 38. Nd3 Rb3 39. a4 Ra3 40.
f5 Rxa4 41. fxg6 fxg6 42. Ne5 b5 43. Nhxg6 Ra3+ 44. Kd4 Rxh3 45. Nf4 Ra3 46.
Nh5+ Kg8 47. Kc5 Rb3 48. Nc6 Rb1 49. Nb4 Rxb4 50. Kxb4 Kf7 51. Nf4 Kf6 52. Nh3
Ke5 53. Kxb5 Ke4 54. Kc4 Kf3 55. g5 hxg5 56. Nxg5+ Kg3 1/2-1/2

[Event "Commonwealth & South African Open 2011"]
[Site "Emperors Casino and Conference"]
[Date "2011.06.24"]
[Round "1.14"]
[White "Willenberg, Shane C"]
[Black "Kobese, Watu AKW"]
[Result "0-1"]
[WhiteElo "1604"]
[BlackElo "2355"]
[PlyCount "35"]
[EventDate "2011.06.24"]

1. e4 e5 2. Bc4 Nf6 3. d4 exd4 4. Nf3 Nc6 5. e5 Ne4 6. O-O Be7 7. Bd5 Nc5 8.
Bxc6 dxc6 9. Nxd4 Ne6 10. Be3 Nxd4 11. Qxd4 Qxd4 12. Bxd4 Bf5 13. c3 c5 14. Be3
O-O-O 15. Nd2 Rd5 16. Nf3 h6 17. Rad1 Rhd8 18. h3 0-1

[Event "Commonwealth & South African Open 2011"]
[Site "Emperors Casino and Conference"]
[Date "2011.06.24"]
[Round "1.15"]
[White "Jere, Daniel"]
[Black "Mahomole, Ramagoo T"]
[Result "1-0"]
[WhiteElo "2344"]
[BlackElo "1599"]
[PlyCount "71"]
[EventDate "2011.06.24"]

1. c4 Nf6 2. g3 g6 3. b3 Bg7 4. Bb2 O-O 5. Bg2 c6 6. Nf3 d5 7. O-O b6 8. Qc2
Bb7 9. d3 c5 10. cxd5 Bxd5 11. Nbd2 Nbd7 12. Rac1 Qc7 13. e4 Bb7 14. d4 Rac8
15. b4 e6 16. Rfe1 Qb8 17. dxc5 bxc5 18. b5 Rfd8 19. Nc4 Ne8 20. e5 Qa8 21. Qe2
Nb6 22. Na5 Bd5 23. Nh4 Bf8 24. Nc6 Rd7 25. Ba3 a6 26. Bxc5 axb5 27. Bxf8 Kxf8
28. Qxb5 Bxg2 29. Nxg2 Nd5 30. Nd4 Ra7 31. Rxc8 Qxc8 32. Qe2 Qc5 33. Qd2 Nec7
34. Rc1 Qb4 35. Qh6+ Kg8 36. Nc6 1-0

[Event "Commonwealth & South African Open 2011"]
[Site "Emperors Casino and Conference"]
[Date "2011.06.24"]
[Round "1.16"]
[White "Chien, Jing-Woei"]
[Black "Karavade, Eesha"]
[Result "0-1"]
[WhiteElo "1598"]
[BlackElo "2343"]
[PlyCount "51"]
[EventDate "2011.06.24"]

1. e4 c5 2. Nf3 d6 3. d4 cxd4 4. Nxd4 Nf6 5. Nc3 a6 6. Be3 e5 7. Nb3 Be6 8. Be2
Be7 9. O-O O-O 10. f3 Nbd7 11. Nd5 Nxd5 12. exd5 Bf5 13. Bd3 Bxd3 14. Qxd3 Rc8
15. c4 Bg5 16. f4 exf4 17. Bxf4 Bxf4 18. Rxf4 Ne5 19. Qf1 Qb6+ 20. Kh1 a5 21.
Qe2 a4 22. c5 Qa7 23. cxd6 Ng6 24. d7 Rcd8 25. Rxf7 Rxf7 26. Qe6 {Resing} 0-1

[Event "Commonwealth & South African Open 2011"]
[Site "Emperors Casino and Conference"]
[Date "2011.06.24"]
[Round "1.17"]
[White "Ghate, Swati"]
[Black "Madiba, Carpediem M"]
[Result "1-0"]
[WhiteElo "2317"]
[BlackElo "1598"]
[PlyCount "98"]
[EventDate "2011.06.24"]

1. e4 c5 2. Nf3 Nc6 3. Nc3 g6 4. d4 cxd4 5. Nxd4 Bg7 6. Be3 Nf6 7. Nb3 O-O 8.
Be2 d6 9. O-O Be6 10. f4 Qc8 11. Kh1 Rd8 12. Bf3 Bc4 13. Rf2 e5 14. Rd2 exf4
15. Bxf4 Ne5 16. Nd4 Qc5 17. Na4 Qc7 18. b3 Ba6 19. c4 Qe7 20. Nc3 Rac8 21. Rc1
Rc5 22. Be2 b6 23. Qf1 Bb7 24. Bg5 Ned7 25. Nd5 Qe5 26. Bf4 Qe8 27. Bf3 Ne5 28.
Bg5 Ned7 29. Nb5 Bxd5 30. exd5 Ne5 31. Nxa7 Rd7 32. Nc6 Nxf3 33. Qxf3 Ne4 34.
Re2 f5 35. b4 Qf7 36. Rxe4 fxe4 37. Qxf7+ Rxf7 38. bxc5 bxc5 39. h3 h6 40. Bh4
g5 41. Bg3 h5 42. a4 e3 43. Re1 h4 44. Bh2 g4 45. hxg4 Bh6 46. Bxd6 h3 47. gxh3
Rf3 48. Kg2 Rf2+ 49. Kg1 Rf3 1-0

[Event "Commonwealth & South African Open 2011"]
[Site "Emperors Casino and Conference"]
[Date "2011.06.24"]
[Round "1.18"]
[White "Tseke, Johannes Dumisani"]
[Black "Subbaraman, Meenakshi"]
[Result "0-1"]
[WhiteElo "1598"]
[BlackElo "2317"]
[PlyCount "86"]
[EventDate "2011.06.24"]

1. d4 d5 2. c4 dxc4 3. Nf3 Nf6 4. e3 Bg4 5. Bxc4 e6 6. h3 Bh5 7. Nc3 Be7 8. O-O
O-O 9. a3 Nbd7 10. b4 a5 11. b5 Nb6 12. Be2 Nbd5 13. Na4 Ne4 14. Bb2 Bd6 15.
Rc1 Qe7 16. Qc2 Ng3 17. fxg3 Nxe3 18. Qd2 Nxf1 19. Kxf1 Bxg3 20. Qg5 Qxg5 21.
Nxg5 Bxe2+ 22. Kxe2 Bf4 23. Ne4 Bxc1 24. Bxc1 Rad8 25. Bb2 Rd5 26. b6 cxb6 27.
Nxb6 Rb5 28. Nc4 Rc8 29. Ned2 Rg5 30. Ne3 h5 31. Kd3 h4 32. Bc3 Rb5 33. Bb4 Rc1
34. Ndc4 Rb1 35. Nd2 Rg1 36. Nf3 Rc1 37. Nc2 f6 38. Nfe1 Rb1 39. Nf3 Rb3+ 40.
Ke2 g5 41. Nd2 Rb2 42. Kd3 Kg7 43. Bc3 Ra2 {Notation unclear} 0-1

[Event "Commonwealth & South African Open 2011"]
[Site "Emperors Casino and Conference"]
[Date "2011.06.24"]
[Round "1.19"]
[White "van der Nat, Nicholas P"]
[Black "Voges, Rachelle Mari"]
[Result "1-0"]
[WhiteElo "2308"]
[BlackElo "1597"]
[PlyCount "60"]
[EventDate "2011.06.24"]

1. d4 d5 2. c4 e6 3. Nc3 Nf6 4. cxd5 exd5 5. Bg5 c6 6. e3 Be7 7. Bd3 Bg4 8. Qc2
Nbd7 9. h3 Bh5 10. f4 h6 11. Bxf6 Bxf6 12. g4 Bg6 13. Bxg6 fxg6 14. Qxg6+ Kf8
15. Nf3 Qe8 16. Qxe8+ Rxe8 17. Kd2 Nb6 18. b3 Kf7 19. h4 Be7 20. Ne5+ Kg8 21.
Ng6 Rh7 22. Kd3 Bb4 23. Ne2 Nd7 24. g5 h5 25. f5 Nf8 26. Rhf1 Kf7 27. Ne5+ Ke7
28. g6 Rh8 29. f6+ gxf6 30. g7 Rg8 1-0

[Event "Commonwealth & South African Open 2011"]
[Site "Emperors Casino and Conference"]
[Date "2011.06.24"]
[Round "1.20"]
[White "Hangelbroek, Peter"]
[Black "Cawdery, Daniel J"]
[Result "0-1"]
[WhiteElo "1595"]
[BlackElo "2274"]
[PlyCount "52"]
[EventDate "2011.06.24"]

1. d4 Nf6 2. c4 g6 3. Nc3 Bg7 4. e4 d6 5. Nf3 O-O 6. Be2 e5 7. d5 a5 8. Bg5 h6
9. Bh4 Na6 10. a3 Bd7 11. O-O Qe8 12. Nd2 Nh7 13. Bg4 Bxg4 14. Qxg4 h5 15. Qe2
g5 16. Qxh5 gxh4 17. Qxh4 Qd8 18. Qg3 Qg5 19. Qd3 Nc5 20. Qe2 Bh6 21. f4 exf4
22. Nf3 Qh5 23. Rae1 Rae8 24. b4 axb4 25. axb4 Nxe4 26. Nxe4 f5 0-1

[Event "Commonwealth & South African Open 2011"]
[Site "Emperors Casino and Conference"]
[Date "2011.06.24"]
[Round "1.22"]
[White "Jikijela, Musa"]
[Black "Gluckman, David"]
[Result "1-0"]
[WhiteElo "1593"]
[BlackElo "2262"]
[PlyCount "65"]
[EventDate "2011.06.24"]

1. d4 Nf6 2. Nf3 g6 3. g3 Bg7 4. Bg2 O-O 5. O-O d6 6. Re1 Nbd7 7. e4 e5 8. dxe5
dxe5 9. Nc3 c6 10. h3 Qe7 11. a3 Re8 12. Be3 Nc5 13. Nd2 Be6 14. Qe2 b5 15. b4
Nb7 16. Na2 Nd6 17. Nc1 Nc4 18. Nxc4 Bxc4 19. Nd3 Nd7 20. Qd2 Nf8 21. Nb2 Be6
22. Qe2 a5 23. Bd2 axb4 24. axb4 Ba2 25. c3 Ra3 26. Qd1 Rea8 27. Qc1 Ne6 28.
Nd3 R8a4 29. Be3 Bb3 30. Rxa3 Rxa3 31. Qxa3 Nc7 32. Ra1 Bc4 33. Nc5 {Notation
unclear} 1-0

[Event "Commonwealth & South African Open 2011"]
[Site "Emperors Casino and Conference"]
[Date "2011.06.24"]
[Round "1.23"]
[White "Oatlhotse, Providence"]
[Black "Moolman, Johan N"]
[Result "1-0"]
[WhiteElo "2251"]
[BlackElo "1592"]
[PlyCount "105"]
[EventDate "2011.06.24"]

1. d4 Nf6 2. c4 g6 3. Nc3 Bg7 4. e4 d6 5. Be2 Nbd7 6. Nf3 O-O 7. O-O e5 8. Be3
Re8 9. d5 Ng4 10. Bg5 Ngf6 11. b4 h6 12. Bd2 a5 13. a3 Nf8 14. Ne1 N8h7 15. Qc1
axb4 16. axb4 Rxa1 17. Qxa1 Bd7 18. Nd3 Qa8 19. Qc1 h5 20. Qb2 b6 21. c5 bxc5
22. bxc5 Qb8 23. c6 Qxb2 24. Nxb2 Bc8 25. Ra1 h4 26. Ra7 Bg4 27. f3 Bh5 28.
Rxc7 Rb8 29. Rb7 Rc8 30. Nb5 Bf8 31. Bf1 g5 32. Bb4 Ne8 33. Nc4 g4 34. Ncxd6
Nxd6 35. Nxd6 Ra8 36. c7 Bxd6 37. Bxd6 gxf3 38. Rb8+ Rxb8 39. cxb8=Q+ Kg7 40.
Bxe5+ Kh6 41. Qd6+ Bg6 42. Qe7 f6 43. Bf4+ Kh5 44. Qg7 Ng5 45. Qh8+ Nh7 46. d6
Bxe4 47. gxf3 Bg6 48. Bh3 f5 49. Qg7 Ng5 50. Bxg5 Kxg5 51. f4+ Kh5 52. Qg8 Bh7
53. Qxh7# 1-0

[Event "Commonwealth & South African Open 2011"]
[Site "Emperors Casino and Conference"]
[Date "2011.06.24"]
[Round "1.25"]
[White "Rubery, Mark C"]
[Black "Sutil, Yolandi"]
[Result "1-0"]
[WhiteElo "2239"]
[BlackElo "1591"]
[PlyCount "61"]
[EventDate "2011.06.24"]

1. e4 e5 2. Bc4 Nf6 3. d3 Nc6 4. Nf3 Be7 5. O-O d6 6. c3 O-O 7. Nbd2 Bg4 8. Re1
h6 9. Bb3 Re8 10. Nf1 Bf8 11. Ng3 g6 12. h3 Be6 13. d4 exd4 14. cxd4 Bxb3 15.
Qxb3 Rb8 16. e5 dxe5 17. dxe5 Nd4 18. Qd1 Nxf3+ 19. Qxf3 Nd5 20. Qg4 Qc8 21.
Qh4 Bg7 22. Bxh6 Qe6 23. Bxg7 Kxg7 24. Rad1 Rbd8 25. Rd4 Rd7 26. Kh2 Red8 27.
Qg5 Kg8 28. Rh4 Qe7 29. Qh6 f6 30. e6 Rd6 31. Qxg6+ {Resign} 1-0

[Event "Commonwealth & South African Open 2011"]
[Site "Emperors Casino and Conference"]
[Date "2011.06.24"]
[Round "1.41"]
[White "Dole, Anant"]
[Black "Tlale, Seadimo"]
[Result "1-0"]
[WhiteElo "2103"]
[BlackElo "1558"]
[PlyCount "73"]
[EventDate "2011.06.24"]

1. e4 c5 2. Nf3 d6 3. d4 cxd4 4. Nxd4 Nf6 5. Nc3 a6 6. Be3 b5 7. a3 Bb7 8. f3
e6 9. Qd2 Be7 10. g4 O-O 11. h4 Nbd7 12. h5 h6 13. g5 hxg5 14. O-O-O Nh7 15.
Bd3 Ne5 16. Rdg1 Rc8 17. Rh3 Bf6 18. Rhg3 Nxd3+ 19. Qxd3 Bxd4 20. Bxd4 e5 21.
Be3 f6 22. Rd1 Rc6 23. Nd5 Rf7 24. Nb4 Rc8 25. Qxd6 Qxd6 26. Rxd6 Rfc7 27. Bb6
Rc4 28. Rd7 Rb8 29. Ba7 Nf8 30. Re7 Rcc8 31. Bxb8 Rxb8 32. Rg2 Bc8 33. Rd2 Ne6
34. Rd6 Nd4 35. Rd8+ Kh7 36. Ree8 Bb7 37. Rh8# 1-0

[Event "Commonwealth & South African Open 2011"]
[Site "Emperors Casino and Conference"]
[Date "2011.06.24"]
[Round "1.42"]
[White "Breedt, Shade D"]
[Black "van Rensburg, Ryan P"]
[Result "0-1"]
[WhiteElo "1557"]
[BlackElo "2097"]
[PlyCount "39"]
[EventDate "2011.06.24"]

1. e4 c5 2. Nf3 Nc6 3. h4 d6 4. Nc3 g6 5. Bb5 Bg7 6. Bxc6+ bxc6 7. d3 Rb8 8.
Na4 Qa5+ 9. c3 Ba6 10. e5 Bb5 11. Qb3 Qxa4 12. Qxa4 Bxa4 13. b3 Bb5 14. c4 Ba6
15. O-O Nh6 16. Ng5 Nf5 17. Re1 O-O 18. g4 Nd4 19. Rf1 dxe5 20. Bd2 0-1

[Event "Commonwealth & South African Open 2011"]
[Site "Emperors Casino and Conference"]
[Date "2011.06.24"]
[Round "1.43"]
[White "Mamombe, Kudzanai"]
[Black "Engelbrecht, Kobus"]
[Result "1-0"]
[WhiteElo "2089"]
[BlackElo "1556"]
[PlyCount "64"]
[EventDate "2011.06.24"]

1. e4 c6 2. d4 d5 3. Nc3 dxe4 4. Nxe4 Bf5 5. Ng3 Bg6 6. h4 h6 7. Nf3 Nd7 8. h5
Bh7 9. Bd3 Bxd3 10. Qxd3 e6 11. c4 Ngf6 12. Bd2 Bd6 13. Ne4 Nxe4 14. Qxe4 Nf6
15. Qe2 Qb6 16. Bc3 Bb4 17. Ne5 Rd8 18. Kf1 Bxc3 19. bxc3 Qa5 20. Rh3 Nd7 21.
Qg4 Rg8 22. Re1 Qxa2 23. d5 cxd5 24. Nxf7 Qxc4+ 25. Qxc4 dxc4 26. Nxd8 Kxd8 27.
Rxe6 Nc5 28. Re1 Nd3 29. Rb1 Kc7 30. Rh4 Ne5 31. Re4 Nc6 32. Rxc4 Rf8 1-0

[Event "Commonwealth & South African Open 2011"]
[Site "Emperors Casino and Conference"]
[Date "2011.06.24"]
[Round "1.44"]
[White "Phihlela, Frans"]
[Black "Hercules, Benjamin Vincent"]
[Result "0-1"]
[WhiteElo "1554"]
[BlackElo "2089"]
[PlyCount "36"]
[EventDate "2011.06.24"]

1. e4 c5 2. Nf3 Nc6 3. c3 d5 4. Qc2 dxe4 5. Qxe4 Nf6 6. Qd3 Bg4 7. Qb5 Qd7 8.
Qxc5 e5 9. Qe3 Nd5 10. Qe4 f5 11. Qc2 Bc5 12. d3 O-O 13. Nbd2 Rae8 14. Nb3 Bb6
15. Bd2 a5 16. O-O-O Nd4 17. Qb1 Nxf3 18. gxf3 Bxf3 0-1

[Event "Commonwealth & South African Open 2011"]
[Site "Emperors Casino and Conference"]
[Date "2011.06.24"]
[Round "1.45"]
[White "Stevens, Tristan"]
[Black "Rachoene, Jacob T"]
[Result "1-0"]
[WhiteElo "2087"]
[BlackElo "1554"]
[PlyCount "67"]
[EventDate "2011.06.24"]

1. e4 c6 2. Nc3 d5 3. Qf3 d4 4. Bc4 Nf6 5. Nce2 e5 6. d3 Bg4 7. Qg3 Nbd7 8. f4
Bd6 9. h3 Be6 10. Bxe6 fxe6 11. Nf3 exf4 12. Bxf4 e5 13. Bd2 Qe7 14. Nh4 g6 15.
Bg5 Qe6 16. O-O O-O-O 17. c3 h6 18. Bxf6 Nxf6 19. Qxg6 Be7 20. Qf5 Qxf5 21.
Nxf5 Bc5 22. cxd4 exd4 23. Rac1 Nd7 24. Nf4 Bb6 25. Ne6 Ne5 26. Nxd8 Bxd8 27.
Nd6+ Kd7 28. Nf7 Nxf7 29. Rxf7+ Be7 30. Rcf1 Ke6 31. Rg7 c5 32. Rg6+ Kd7 33.
Rf7 Ke8 34. Rgg7 1-0

[Event "Commonwealth & South African Open 2011"]
[Site "Emperors Casino and Conference"]
[Date "2011.06.24"]
[Round "1.46"]
[White "Cronwright, Shaun"]
[Black "Nelson, William JH"]
[Result "1-0"]
[WhiteElo "1552"]
[BlackElo "2083"]
[PlyCount "80"]
[EventDate "2011.06.24"]

1. d4 d6 2. Nf3 Nf6 3. Bg5 Nbd7 4. Nbd2 g6 5. e4 Bg7 6. Be2 O-O 7. O-O h6 8.
Bh4 e5 9. dxe5 dxe5 10. Re1 Qe7 11. Bc4 Nb6 12. Bb3 Bg4 13. Qe2 Rfd8 14. Rad1
a5 15. a4 Qc5 16. Nb1 Rxd1 17. Rxd1 g5 18. Bg3 Re8 19. Nc3 c6 20. h3 Bh5 21.
Rd3 Qb4 22. Qe3 Nfd7 23. Qd2 Re7 24. Qe3 Bxf3 25. gxf3 Qc5 26. Qd2 Nf8 27. Qe3
Nbd7 28. Qd2 Qb6 29. Nd1 Nc5 30. Rc3 Nfe6 31. Bxe6 Nxe6 32. b3 Nd4 33. Kg2 Qb4
34. Rd3 Qxd2 35. Rxd2 f6 36. Ne3 b6 37. Nf5 Rb7 38. Nd6 Rb8 39. Nc4 Bf8 40.
Rxd4 Kf7 1-0

[Event "Commonwealth & South African Open 2011"]
[Site "Emperors Casino and Conference"]
[Date "2011.06.24"]
[Round "1.47"]
[White "Meintjes, Jacques C"]
[Black "Fourie, Petrus J"]
[Result "1-0"]
[WhiteElo "2078"]
[BlackElo "1552"]
[PlyCount "42"]
[EventDate "2011.06.24"]

1. e4 c5 2. Nc3 d6 3. f4 Nc6 4. Nf3 Bg4 5. Bb5 a6 6. Bxc6+ bxc6 7. O-O d5 8. e5
e6 9. d3 Ne7 10. h3 Bxf3 11. Qxf3 Nf5 12. Ne2 Be7 13. b3 Qb6 14. c4 O-O 15. Bb2
dxc4 16. dxc4 Rfd8 17. Rad1 Nd4 18. Qe4 Nxe2+ 19. Qxe2 Rd4 20. Bxd4 cxd4 21.
Kh1 c5 1-0

[Event "Commonwealth & South African Open 2011"]
[Site "Emperors Casino and Conference"]
[Date "2011.06.24"]
[Round "1.48"]
[White "Viviers, Neil"]
[Black "Foley, Patrick J"]
[Result "0-1"]
[WhiteElo "1552"]
[BlackElo "2075"]
[PlyCount "54"]
[EventDate "2011.06.24"]

1. d4 Nf6 2. c4 c5 3. d5 b5 4. Nd2 Qa5 5. e3 e6 6. dxe6 fxe6 7. Ngf3 Be7 8. Be2
bxc4 9. Bxc4 d5 10. Be2 Nc6 11. O-O O-O 12. b3 e5 13. Bb2 e4 14. Ne5 Nxe5 15.
Bxe5 Bb7 16. Qc2 Nd7 17. Bc3 Qb6 18. Qb2 Qh6 19. Rad1 Bd6 20. h3 Rae8 21. b4 d4
22. exd4 e3 23. dxc5 exf2+ 24. Rxf2 Rxf2 25. Kxf2 Qe3+ 26. Kf1 Qxe2+ 27. Kg1
Qxg2# 0-1

[Event "Commonwealth & South African Open 2011"]
[Site "Emperors Casino and Conference"]
[Date "2011.06.24"]
[Round "1.49"]
[White "Willenberg, Craig G"]
[Black "Monyai, Sebati B"]
[Result "1-0"]
[WhiteElo "2072"]
[BlackElo "1543"]
[PlyCount "43"]
[EventDate "2011.06.24"]

1. e4 c5 2. Nf3 d6 3. Bb5+ Nc6 4. O-O a6 5. Bxc6+ bxc6 6. Re1 e5 7. c3 Bg4 8.
d4 cxd4 9. cxd4 Qa5 10. Bd2 Qb6 11. dxe5 dxe5 12. Bc3 Bc5 13. Qe2 f6 14. Nbd2
Ne7 15. b4 Bxb4 16. Reb1 c5 17. a3 Nc6 18. axb4 cxb4 19. Qc4 Rb8 20. Rxa6 Qb5
21. Qxc6+ Qxc6 22. Rxc6 1-0

[Event "Commonwealth & South African Open 2011"]
[Site "Emperors Casino and Conference"]
[Date "2011.06.24"]
[Round "1.50"]
[White "Hearne, Thomas M"]
[Black "Jonker, Matthew D"]
[Result "0-1"]
[WhiteElo "1540"]
[BlackElo "2069"]
[PlyCount "82"]
[EventDate "2011.06.24"]

1. e4 c5 2. Nf3 d6 3. d4 cxd4 4. Nxd4 Nf6 5. Nc3 a6 6. Be2 e6 7. O-O Qc7 8. Kh1
b5 9. a3 Bb7 10. Bd3 Nbd7 11. f4 Be7 12. Qe1 Nc5 13. Rf3 d5 14. e5 Nfe4 15. Rh3
O-O 16. Nf3 f5 17. Nd4 Qd7 18. b4 Nxc3 19. Qxc3 Ne4 20. Qe1 Rac8 21. Bb2 Bd8
22. Bxe4 dxe4 23. Rd1 Bd5 24. Qg3 g6 25. c3 Bb6 26. Qh4 Qf7 27. Ne2 Rfd8 28.
Nd4 Bc4 29. Re1 Bd3 30. Nxe6 Rd7 31. Ng5 Qe7 32. e6 Rdc7 33. Qh6 Bc4 34. Nf7
Qxe6 35. Ne5 Bf2 36. Rd1 e3 37. Nf3 e2 38. Rc1 Rd8 39. Ne1 Rd1 40. Rf3 Bxe1 41.
Qg5 Bf2+ 0-1

[Event "Commonwealth & South African Open 2011"]
[Site "Emperors Casino and Conference"]
[Date "2011.06.24"]
[Round "1.51"]
[White "Klaasen, Calvin J"]
[Black "Latib, Tameez"]
[Result "1-0"]
[WhiteElo "2068"]
[BlackElo "1535"]
[PlyCount "52"]
[EventDate "2011.06.24"]

1. e4 e5 2. Nf3 Nc6 3. Bb5 a6 4. Ba4 b5 5. Bb3 Nf6 6. O-O Bc5 7. c3 d6 8. a4 b4
9. d4 exd4 10. cxd4 Bb6 11. Bg5 h6 12. Bd5 Bb7 13. Bxf6 Qxf6 14. Qc2 Nxd4 15.
Nxd4 Bxd5 16. exd5 Bxd4 17. Qc6+ Ke7 18. Re1+ Be5 19. Qxc7+ Kf8 20. Nd2 g5 21.
Nc4 Bd4 22. Re2 Bc5 23. Nb6 Bxb6 24. Qxb6 a5 25. h3 Kg7 26. Rae1 h5 1-0

[Event "Commonwealth & South African Open 2011"]
[Site "Emperors Casino and Conference"]
[Date "2011.06.24"]
[Round "1.52"]
[White "Burger, Ferdinand"]
[Black "McAvoy, Paul L"]
[Result "0-1"]
[WhiteElo "1533"]
[BlackElo "2058"]
[PlyCount "100"]
[EventDate "2011.06.24"]

1. e4 d5 2. exd5 Nf6 3. Nc3 Nxd5 4. Nxd5 Qxd5 5. d4 Nc6 6. c3 e5 7. dxe5 Qxe5+
8. Be2 Bg4 9. Be3 Rd8 10. Qb3 Na5 11. Qa4+ Bd7 12. Qf4 Bd6 13. Qxe5+ Bxe5 14.
Nf3 Bd6 15. O-O O-O 16. Rfd1 Rfe8 17. Nd4 a6 18. Bf3 b5 19. Bg5 f6 20. Bd5+ Kh8
21. Be3 Bg4 22. Bf3 Bxf3 23. Nxf3 Nc4 24. Rab1 Nxe3 25. fxe3 Rxe3 26. Kf2 Rde8
27. Re1 Rxe1 28. Rxe1 Rxe1 29. Kxe1 g5 30. h3 Kg7 31. Nd4 Kf7 32. Ke2 c5 33.
Nf3 Ke6 34. Nd2 f5 35. g4 Kf6 36. Kf3 Kg6 37. c4 h5 38. cxb5 axb5 39. b3 hxg4+
40. hxg4 Kf6 41. Nb1 c4 42. Nc3 b4 43. Nd5+ Ke5 44. bxc4 f4 45. Nb6 Kd4 46. Na4
Kxc4 47. Ke4 Bf8 48. Nb6+ Kc3 49. Nd7 Be7 50. Nb6 Kb2 0-1

[Event "Commonwealth & South African Open 2011"]
[Site "Emperors Casino and Conference"]
[Date "2011.06.24"]
[Round "1.53"]
[White "Davies, Jason S"]
[Black "Willenberg, Shaun R"]
[Result "0-1"]
[WhiteElo "2048"]
[BlackElo "1533"]
[PlyCount "73"]
[EventDate "2011.06.24"]

1. e4 e5 2. g3 Nc6 3. Bg2 Nf6 4. Ne2 Bc5 5. O-O d6 6. c3 Bg4 7. d3 Qd7 8. a4 a5
9. Na3 Bh3 10. Nc4 h5 11. Bg5 Nh7 12. Be3 h4 13. f4 Bxe3+ 14. Nxe3 hxg3 15.
hxg3 Nf6 16. f5 Ng4 17. Nxg4 Bxg4 18. Qd2 f6 19. Rad1 Qf7 20. Kf2 Qb3 21. Rh1
O-O-O 22. Ra1 Qb6+ 23. Qe3 Qxb2 24. Bf3 Bxf3 25. Qxf3 Rxh1 26. Rxh1 Qa2 27. Qg4
Qf7 28. Rh7 Rg8 29. Ke3 Ne7 30. d4 c6 31. Kd3 b5 32. axb5 cxb5 33. d5 Kb7 34.
Kc2 Nc8 35. Nc1 Nb6 36. Qe2 Ka6 37. g4 0-1

[Event "Commonwealth & South African Open 2011"]
[Site "Emperors Casino and Conference"]
[Date "2011.06.24"]
[Round "1.56"]
[White "Katz, Robert J"]
[Black "Gornall, Keith"]
[Result "1-0"]
[WhiteElo "1531"]
[BlackElo "2039"]
[PlyCount "82"]
[EventDate "2011.06.24"]

1. e4 e6 2. d3 c5 3. Nf3 Nc6 4. g3 e5 5. Bg2 b5 6. a4 b4 7. Nbd2 a5 8. Nc4 d6
9. O-O Be7 10. Be3 Bg4 11. h3 Be6 12. Nfd2 g5 13. f4 gxf4 14. gxf4 f6 15. fxe5
dxe5 16. Qh5+ Bf7 17. Qg4 Bf8 18. Nb3 h5 19. Qf5 Ra7 20. Kh1 Nd4 21. Bxd4 exd4
22. Nbxa5 Rxa5 23. Nxa5 Qxa5 24. e5 Qa6 25. Rae1 Kd8 26. e6 Be8 27. b3 Bc6 28.
Be4 Qb7 29. Qf3 Bxe4 30. Rxe4 Bd6 31. e7+ Nxe7 32. Qxf6 Rg8 33. Qxd6+ Qd7 34.
Qxd7+ Kxd7 35. Rf7 Re8 36. Rfxe7+ Rxe7 37. Rxe7+ Kxe7 38. Kg2 Ke6 39. Kf3 Ke5
40. a5 Kd5 41. Kf4 Kc6 1-0

[Event "Commonwealth & South African Open 2011"]
[Site "Emperors Casino and Conference"]
[Date "2011.06.24"]
[Round "1.57"]
[White "Hoek, Cornelis"]
[Black "Spirou, Demetri"]
[Result "1-0"]
[WhiteElo "2037"]
[BlackElo "1529"]
[PlyCount "137"]
[EventDate "2011.06.24"]

1. e4 c5 2. d3 g6 3. g3 Bg7 4. Bg2 Nc6 5. Nf3 d6 6. Nbd2 Nf6 7. O-O O-O 8. Re1
Qc7 9. Nf1 Ng4 10. h3 Nge5 11. Nxe5 Bxe5 12. Bh6 Re8 13. c3 b5 14. h4 b4 15.
Qd2 bxc3 16. bxc3 Rb8 17. Rac1 Qa5 18. Ne3 Be6 19. Rc2 Rb6 20. f4 Bh8 21. f5
Bd7 22. Nc4 Qa6 23. Nxb6 Qxb6 24. h5 Bf6 25. Rf1 Ne5 26. hxg6 fxg6 27. Kh1 Nf7
28. Be3 g5 29. d4 cxd4 30. cxd4 Ba4 31. Rb2 Qc7 32. Rfb1 Bc6 33. Rc2 Qd7 34.
Rbc1 Rc8 35. Qa5 Qb7 36. d5 Bd7 37. Qxa7 Rb8 38. Qxb7 Rxb7 39. Rc7 Rxc7 40.
Rxc7 Ne5 41. Bd4 Bb5 42. Bxe5 Bxe5 43. Kh2 Kf7 44. Bf3 Bd3 45. Kh3 Kf6 46. g4
Bf1+ 47. Bg2 Be2 48. Rc2 Bd1 49. Rd2 Ba4 50. Bf1 Be8 51. Be2 Bc3 52. Rc2 Bd4
53. Rc8 Bd7 54. Rc7 Be8 55. Kg2 Bc5 56. Rb7 Bd4 57. Bb5 Bf7 58. a4 Bc3 59. Ra7
Bd4 60. Ra8 h5 61. Kf3 Ke5 62. Rf8 hxg4+ 63. Kxg4 Kf6 64. Be8 Ke5 65. Bxf7 Kxe4
66. a5 Ke5 67. a6 Kf6 68. Be6+ Ke5 69. Rf7 1-0

[Event "Commonwealth & South African Open 2011"]
[Site "Emperors Casino and Conference"]
[Date "2011.06.24"]
[Round "1.58"]
[White "Wilke, Eljeanie G"]
[Black "Breytenbach, Jan"]
[Result "0-1"]
[WhiteElo "1529"]
[BlackElo "2036"]
[PlyCount "74"]
[EventDate "2011.06.24"]

1. d4 Nf6 2. c4 g6 3. Nc3 Bg7 4. e4 d6 5. Nf3 O-O 6. Be3 Bg4 7. Be2 Nbd7 8. O-O
c5 9. Qc2 Rc8 10. b3 a6 11. Rfd1 Qc7 12. h3 Bxf3 13. Bxf3 cxd4 14. Bxd4 b5 15.
cxb5 axb5 16. Qd2 e5 17. Rac1 exd4 18. Nxb5 Qb6 19. Nxd4 Rxc1 20. Qxc1 Nxe4 21.
Bxe4 Bxd4 22. Qd2 Bc5 23. Rb1 Qb4 24. Qxb4 Bxb4 25. Rc1 Nc5 26. Bf3 Nd3 27. Rd1
Ne5 28. Bd5 Rc8 29. a4 Rc3 30. Ra1 Rc5 31. Rd1 Kf8 32. Kf1 Ke7 33. f4 Nc6 34.
Ke2 Na5 35. Rd4 Rc2+ 36. Kd3 Rc3+ 37. Ke4 f5# 0-1